Keeping the magic alive: The multiple functions of magic concepts (Record no. 530156)
[ view plain ]
| 000 -LEADER | |
|---|---|
| fixed length control field | 01187nam a22001337a 4500 |
| 008 - FIXED-LENGTH DATA ELEMENTS--GENERAL INFORMATION | |
| fixed length control field | 250529b ||||| |||| 00| 0 eng d |
| 100 ## - MAIN ENTRY--PERSONAL NAME | |
| Personal name | Bentzen, Tina Øllgaard Siverbo, Sven and Winsvold, Marte |
| 245 ## - TITLE STATEMENT | |
| Title | Keeping the magic alive: The multiple functions of magic concepts |
| 260 ## - PUBLICATION, DISTRIBUTION, ETC. (IMPRINT) | |
| Place of publication, distribution, etc | Public Administration Review |
| 300 ## - PHYSICAL DESCRIPTION | |
| Extent | 85(2), Mar, 2025: p.280-295 |
| 520 ## - SUMMARY, ETC. | |
| Summary, etc | Despite scholarly fascination with magic concepts, empirical research on how they fare in practice is scarce. This study explores how magic concepts retain their magic when used in public organizations. Using survey data and case studies, we identify “trust” as a magic concept in Scandinavian municipalities and develop a typology of its four central functions. We find that the concept of trust is used to confirm and confront old organizational practices, as well as to calibrate and catalyze new ones. We suggest that the multivocal character of magic concepts enables them to fit multiple agendas simultaneously, strengthening their ability to stay magic.- Reproduced https://onlinelibrary.wiley.com/doi/10.1111/puar.13814 |
| 773 ## - HOST ITEM ENTRY | |
| Main entry heading | Public Administration Review |
| 942 ## - ADDED ENTRY ELEMENTS (KOHA) | |
| Item type | Articles |
| Withdrawn status | Lost status | Source of classification or shelving scheme | Damaged status | Not for loan | Permanent location | Current location | Date acquired | Serial Enumeration / chronology | Barcode | Date last seen | Koha item type |
|---|---|---|---|---|---|---|---|---|---|---|---|
| Indian Institute of Public Administration | Indian Institute of Public Administration | 2025-05-29 | 85(2), Mar, 2025: p.280-295 | AR135975 | 2025-05-29 | Articles |
